LEADER 01243nam--2200313---4500 001 990000657490203316 035 $a0065749 035 $aUSA010065749 035 $a(ALEPH)000065749USA01 035 $a0065749 100 $a20011001d1746----km-y0ENGy0103----ba 101 $aita 102 $aIT 200 1 $aDell'impiego del denaro. Libri tre ... Si aggiunge una lettera enciclica, ed un moto proprio riguardante l'interesse de' censi, e cambi di sua santità ed un'altra lettera dell'autore alla medesima santità sua 210 $aRoma$cnella stazione Vaticana$d1746 215 $aXXX, 172 p.$d24 cm 410 $12001 700 1$aMAFFEI,$bScipione$0135203 801 0$aIT$bsalbc$gISBD 912 $a990000657490203316 951 $aFV C 4 2 19$b3178$cFV C 4 2 959 $aBK 969 $aF.VENTIMIGLIA 979 $aPATTY$b90$c20011001$lUSA01$h1356 979 $aPATTY$b90$c20011017$lUSA01$h1614 979 $c20020403$lUSA01$h1715 979 $aPATRY$b90$c20040406$lUSA01$h1645 996 $aDell'impiego del denaro. Libri tre ... Si aggiunge una lettera enciclica, ed un moto proprio riguardante l'interesse de' censi, e cambi di sua santità ed un'altra lettera dell'autore alla medesima santità sua$9959989 997 $aUNISA